=LDR 00000nam 2200000 4500 =001 INLIS000000000012597 =005 20130612104113 =008 ***********************************Ind** =035 ##$$0010-061300000012597 =041 ##$$a Ind =082 ##$$a 400 =090 ##$$a 400, Dim d =245 ##$$a Dimensi-dimensi dalam belajar bahasa Kedua, editor Nurhadi Rockhan =260 ##$$a 1990 $b Bandung =300 ##$$a 226 hlm., 21 cm =650 ##$$a Rukhan Nurhadi =850 ##$$a NBPNMAT